Minecraft Beta - Statistics

General Stats
  • This quiz has been taken 31 times
  • The average score is 76 of 93
Answer Stats
Picture Answer % Correct
Cake
96%
Map
96%
Black Wool
92%
Bone
92%
Cookie
92%
Lapis Lazuli
92%
Light Blue Wool
92%
Birch Sapling
88%
Block of Lapis Lazuli
88%
Blue Wool
88%
Bone Meal
88%
Brick Stairs
88%
Brown Wool
88%
Cyan Wool
88%
Ender Pearl
88%
Gray Wool
88%
Green Wool
88%
Ink Sac
88%
Light Gray Wool
88%
Melon Slice
88%
Purple Wool
88%
Red Bed
88%
Birch Leaves
85%
Brick Slab
85%
Charcoal
85%
Cobweb
85%
Cooked Chicken
85%
Cracked Stone Bricks
85%
Cyan Dye
85%
Grass
85%
Gray Dye
85%
Green Dye
85%
Iron Bars
85%
Lapis Lazuli Ore
85%
Light Blue Dye
85%
Light Gray Dye
85%
Melon
85%
Melon Seeds
85%
Mossy Stone Bricks
85%
Pumpkin Seeds
85%
Raw Chicken
85%
Stone Bricks
85%
Stone Brick Slab
85%
Stone Brick Stairs
85%
Sugar
85%
Birch Log
81%
Brown Mushroom Block
81%
Cobblestone Slab
81%
Dispenser
81%
Glass Pane
81%
Lime Wool
81%
Mushroom Stem
81%
Oak Trapdoor
81%
Orange Dye
81%
Orange Wool
81%
Pink Dye
81%
Pink Wool
81%
Piston
81%
Purple Dye
81%
Red Dye
81%
Red Mushroom Block
81%
Red Wool
81%
Rotten Flesh
81%
Sandstone
81%
Sandstone Slab
81%
Steak
81%
Sticky Piston
81%
Cocoa Beans
77%
Dead Bush
77%
Lime Dye
77%
Magenta Dye
77%
Magenta Wool
77%
Oak Fence Gate
77%
Petrified Oak Slab
77%
Raw Beef
77%
Redstone Repeater
77%
Shears
77%
Smooth Stone
77%
Spruce Leaves
77%
Spruce Sapling
77%
Vines
77%
Yellow Dye
77%
Yellow Wool
77%
Note Block
73%
Spruce Log
73%
Fern
69%
Infested Cobblestone
65%
Powered Rail
65%
Infested Stone
62%
Infested Stone Bricks
62%
Detector Rail
58%
Melon Stem
54%
Pumpkin Stem
54%
No matching quizzes found
Score Distribution
Percent of People with Each Score
Percentile by Number Answered
Your Score History
You have not taken this quiz